| 000 | 00916nam a22002537a 4500 | ||
|---|---|---|---|
| 005 | 20170123162329.0 | ||
| 010 | _aB-097726 | ||
| 020 |
_c75.00 _a8182230853 |
||
| 035 | _aB-097726 | ||
| 037 | _bCen Lib/Ret | ||
| 040 |
_aDPL _bUR |
||
| 082 |
_aک _bگ ور |
||
| 100 |
_aگوردیال سنگھ عارف _9108766 |
||
| 245 |
_aپاس آئینہ : _cگوردیال سنگھ عارف _bافسانوی مجمع / |
||
| 246 |
_aPase aaina : afsanvi majmua / _bby Gurdyal Singh Aarif |
||
| 260 |
_aدہلی _bایجوکیشنل پبلشنگ ہاؤس _c2005 |
||
| 270 |
_bدہلی _a ٣١٠٨، گلی عزیزددیں وکیل کوچہ پنڈت لال کوان _e110006 |
||
| 300 |
_a119P. _c21cm(Hb) |
||
| 650 |
_a ادب - اردو _9120594 |
||
| 650 |
_a اردو کہانیاں _9120595 |
||
| 650 |
_aLiterature -- Urdu _9120596 |
||
| 650 |
_aUrdu stories _9120597 |
||
| 942 |
_2ddc _cUR _hک _mگ ور |
||
| 999 |
_c107660 _d107660 |
||